Countries that Beat the United Kingdom - Statistics

General Stats
  • This quiz has been taken 17 times
  • The average score is 17 of 20
Answer Stats
Rank Hint Countries % Correct
5 Largest "Exclusive Economic Zone" in the ocean France | United States | Australia | Russia
100%
4 Most populous island nation Indonesia | Japan | Philippines
100%
3 Largest population in Europe Russia | Germany
100%
6 Most guessed on the "Countries of the World" quiz United States | Canada | Russia | Mexico | China
100%
3 Most visited country by U.S. citizens Canada | Mexico
93%
3 Books published per year China | United States
93%
5 Longest reigning monarch in history (sovereign states only) France | Thailand | Liechtenstein | Austria
93%
2 Tallest building in Europe Russia
93%
2 Most native English speakers United States
93%
2 Greatest number of people of Irish descent United States
93%
2 Highest percent of people who have red hair Ireland
86%
3 Most populous monarchy Japan | Thailand
79%
8 Nobel laureates per capita Saint Lucia | Luxembourg | Switzerland | Sweden | Iceland | Norway | Denmark | Austria
79%
2 Most UEFA Champions League / European Cup wins Spain
79%
4 Highest percentage of people who aren't religious (WIN/Gallup poll 2017) China | Sweden | Czech Republic
71%
5 Earliest country to have a female Prime Minister Sri Lanka | India | Israel | Central African Republic
71%
3 Highest tea consumption per capita Turkey | Ireland
71%
2 Oldest university Italy
57%
2 Most populous country whose name ends in "M" Vietnam
57%
2 Highest Anglican Christian population (BBC, 2008) Nigeria
50%
No matching quizzes found
Score Distribution
Percent of People with Each Score
Percentile by Number Answered
Your Score History
You have not taken this quiz